Operation Management (Record no. 34097)

000 -LEADER
fixed length control field 00533cam a22002177a 4500
003 - CONTROL NUMBER IDENTIFIER
control field Nust
005 - DATE AND TIME OF LATEST TRANSACTION
control field 20211130105346.0
008 - FIXED-LENGTH DATA ELEMENTS--GENERAL INFORMATION
fixed length control field 170106b xxu||||| |||| 00| 0 eng d
020 ## - INTERNATIONAL STANDARD BOOK NUMBER
International Standard Book Number 1-84480-040-7
038 ## - RECORD CONTENT LICENSOR
Staff Name Khadija
040 ## - CATALOGING SOURCE
Transcribing agency C
082 ## - DEWEY DECIMAL CLASSIFICATION NUMBER
Classification number 658.5
Author Mark WIL
100 ## - MAIN ENTRY--PERSONAL NAME
Personal name Wild, Ray
9 (RLIN) 35794
245 ## - TITLE STATEMENT
Title Operation Management
Statement of responsibility, etc. Ray Wild
Remainder of title with CD -ROM /
250 ## - EDITION STATEMENT
Edition statement 6th ed.
260 ## - PUBLICATION, DISTRIBUTION, ETC.
Place of publication, distribution, etc. Australia
Name of publisher, distributor, etc. Thomson
Date of publication, distribution, etc. 2003
300 ## - PHYSICAL DESCRIPTION
Extent 870 p : ,
Other physical details 29 cm.
Accompanying material CD-ROM
500 ## - GENERAL NOTE
General note Paperback.
563 ## - BINDING INFORMATION
Binding note paperback
942 ## - ADDED ENTRY ELEMENTS (KOHA)
Koha item type Book
Source of classification or shelving scheme
Holdings
Withdrawn status Lost status Source of classification or shelving scheme Damaged status Not for loan Permanent Location Current Location Shelving location Date acquired Full call number Barcode Date last seen Price effective from Koha item type
          School of Mechanical & Manufacturing Engineering (SMME) School of Mechanical & Manufacturing Engineering (SMME) General Stacks 05/31/2016 658.5 WIL SMME-23 03/27/2018 05/31/2016 Book
© 2023 Central Library, National University of Sciences and Technology. All Rights Reserved.